The Hite report : (Record no. 1528)

000 -LEADER
fixed length control field 01246nam a22003857a 4500
001 - CONTROL NUMBER
control field 16414883
003 - CONTROL NUMBER IDENTIFIER
control field OSt
005 - DATE AND TIME OF LATEST TRANSACTION
control field 20210423063437.0
008 - FIXED-LENGTH DATA ELEMENTS--GENERAL INFORMATION
fixed length control field 920428t19871981nyu b 000 0 eng d
010 ## - LIBRARY OF CONGRESS CONTROL NUMBER
LC control number 97815275
020 ## - INTERNATIONAL STANDARD BOOK NUMBER
International Standard Book Number 0440136903
020 ## - INTERNATIONAL STANDARD BOOK NUMBER
International Standard Book Number 0440136903 (pbk.)
035 ## - SYSTEM CONTROL NUMBER
System control number (OCoLC)ocm25727453
040 ## - CATALOGING SOURCE
Original cataloging agency SGR
Transcribing agency SGR
Modifying agency DAB
-- DLC
Language of cataloging eng
041 ## - LANGUAGE CODE
Language code of text/sound track or separate title eng
043 ## - GEOGRAPHIC AREA CODE
Geographic area code n-us---
050 00 - LIBRARY OF CONGRESS CALL NUMBER
Classification number CPB Box no. 529 vol. 4
080 ## - UNIVERSAL DECIMAL CLASSIFICATION NUMBER
Universal Decimal Classification number 821.111
Item number H-70
100 1# - MAIN ENTRY--PERSONAL NAME
Personal name Hite, Shere.
245 14 - TITLE STATEMENT
Title The Hite report :
Remainder of title a nationwide study of female sexuality /
Statement of responsibility, etc. / by: A Dell Book
260 ## - PUBLICATION, DISTRIBUTION, ETC.
Place of publication, distribution, etc. New York
Name of publisher, distributor, etc. A Dell Book
Date of publication, distribution, etc. 1987, c1981.
300 ## - PHYSICAL DESCRIPTION
Extent 664 p.
Dimensions 18 cm.
365 ## - TRADE PRICE
Price amount 3.95 usd
500 ## - GENERAL NOTE
General note "Two previous editions"--Verso t.p.
500 ## - GENERAL NOTE
General note "A Dell book."
504 ## - BIBLIOGRAPHY, ETC. NOTE
Bibliography, etc. note Includes bibliographical references (p.[661]-664).
650 #0 - SUBJECT ADDED ENTRY--TOPICAL TERM
Topical term or geographic name entry element Women
Geographic subdivision United States
General subdivision Sexual behavior.
650 #0 - SUBJECT ADDED ENTRY--TOPICAL TERM
Topical term or geographic name entry element English literature
9 (RLIN) 254
650 #0 - SUBJECT ADDED ENTRY--TOPICAL TERM
Topical term or geographic name entry element Sexual behavior surveys
Geographic subdivision United States.
650 #0 - SUBJECT ADDED ENTRY--TOPICAL TERM
Topical term or geographic name entry element Female orgasm.
653 ## - INDEX TERM--UNCONTROLLED
Uncontrolled term ინგლისური ლიტერატურა
710 2# - ADDED ENTRY--CORPORATE NAME
Corporate name or jurisdiction name as entry element Copyright Paperback Collection (Library of Congress)
Institution to which field applies DLC
906 ## - LOCAL DATA ELEMENT F, LDF (RLIN)
a 7
b cbc
c copycat
d 2
e ncip
f 19
g y-genrareb
942 ## - ADDED ENTRY ELEMENTS (KOHA)
Source of classification or shelving scheme
Koha item type Books
Holdings
Withdrawn status Lost status Source of classification or shelving scheme Damaged status Not for loan Permanent location Current location Date acquired Inventory number Total Checkouts Full call number Barcode Date last seen Price effective from Koha item type
          Ken Walker International University Ken Walker International University 02/18/2021 1684   821.111 H-70 1684 02/18/2021 02/18/2021 Books

Powered by Koha